000 01021nam a2200277Ia 4500
003 OSt
005 20221005110624.0
006 a|||||r|||| 00| 0
007 ta
008 221004b |||||||| |||| 00| 0 mar d
020 _a8126311037
_c150
024 _a83285
037 _b8030, 30/03/2005, Hindi Book Centre
_cTextual
040 _aCRL
_cCRL
_bmar
041 _2mar
_amar
082 _aO155,2N39x, 152P5
100 _aएलकुंचवार, महेश
245 0 _aयुगान्त
246 _aYugānta
260 _aनई दिल्ली
_bभारतीय ज्ञानपीठ भारत
_c2005
300 _a204पृ0
_ccm.
650 _aमराठी साहित्य
700 _a तिवारी, रामजी, संपा.
942 _hO155,2N39x, 152P5
_cTEXL
_2cc
999 _c1019374
_d1019374